000 00517 a2200145 4500
001 120643
020 _a9788537603635
040 _cEscola Canadense de Niteroi
090 _aMAR
100 _aMarques, Cristina
245 1 0 _aChapeuzinho Vermelho
300 _c20x27 cm
520 _aA delicadeza das ilustrações e a simplicidade dos textos dos livros desta coleção atraem a atenção das crianças, que se encantam com o enredo das bonitas histórias extraídas dos grandes clássicos infantis.
942 _cBK
999 _c120643
_d120643